Cultura generale ITA #12 - Statistics

Statistiche generali
  • Questo quiz è stato fatto 391 volte
  • Il punteggio medio è 11 su 20
Statistiche sulle risposte
Hint Risposta % Corretto
La quinta nota musicale della scala maggiore di Do Sol
94%
Città che dà il nome al meridiano zero Greenwich
84%
Regione italiana ultima per densità di popolazione Valle d'Aosta
79%
Premio satirico irriverente che il canale televisivo Striscia la Notizia consegna a individui vittime di sventure, negli anni oggetto di varie critiche Tapiro d'oro
75%
Il numero di esseri umani che sono stati sulla luna 12
72%
Marca di patatine fritte famose per la loro caratteristica forma di paraboloide iperbolica Pringles
71%
Bevanda che piace ai giovani maghi del mondo di Harry Potter Burrobirra
69%
Corrente artistica che il pittore e scultore francese Georges Braque inventò (insieme ad un altro celebre artista spagnolo) Cubismo
69%
Animali su cui conduceva gli studi il medico russo Ivan Pavlov Cani
68%
La persona che fu la principale autorità politica e militare della Jugoslavia, prima della sua dissoluzione Josip Broz Tito
67%
Un famoso vino toscano Chianti
65%
Diga italiana legata a un famoso disastro del 1963 Diga del Vajont
56%
Il numero delle cifre decimali di pi greco Infinito
55%
Disciplina studiata (se non inventata) dal matematico persiano al-Khwārizmī Algebra
54%
Studio di animazione cinematografica fondato da Hayao Miyazaki Studio Ghibli
52%
Malattia che venne diagnosticata al pugile Muhammad Ali Malattia di Parkinson
48%
Termine che indica una composizione musicale o un estratto di un testo letterario Brano
34%
Imbarcazione usata principalmente dai vichinghi e dai sassoni durante il Medioevo Dreki
15%
Sostantivo che in origine significava "consumatore di hashish" Assassino
12%
Il nome del profumo della pioggia sulla terra asciutta Petricore
9%
Nessun quiz corrispondente trovato
Distribuzione punteggi
Percentuale di utenti per punteggio
Percentile per numero di risposta
I tuoi punteggi nel tempo
Non hai fatto questo quiz